000 00583nam a22001817a 4500
999 _c190299
_d190299
005 20220721153907.0
010 _aENG-13379
020 _c350.00
_a9789380705804
035 _aEN-117331
037 _bDBAD/PUB
082 _a920
245 _aAddishakti:
_bTribal Women Achievers of Odisa/
_ced. by. A.B Ota
260 _aOdisha
_bScheduled Castes And Scheduled Tribes Research& Training Institute
_c2020
270 _aST & SC Development Department Government of Odisa
_bOdisha
300 _a61p.
_c22cm(hbk)
700 _aOta A.B
942 _2ddc
_cEN
_h920
_mADI